000 00506nam a22001697a 4500
005 20251108164308.0
008 250721s1972 xx 000 0 ara d
082 1 4 _a811.6/حسي
100 1 _aعطوان، حسين
245 1 0 _aالشعراء الصعاليك في العصر العباسي الأول /
264 1 _aبيروت :
_bدار الطليعة،
_c1972.
300 _a272ص
650 1 7 _aالعصر العباسي
650 1 7 _aالشعر العربي
942 _2ddc
_cBK
999 _c8603
_d8603